000 00400nam a2200169Ia 4500
003 OSt
005 20240210143851.0
008 170619s9999 xx 000 0 und d
020 _a9789380027050
040 _cIIMT ENGINEERING COLLEGE
100 _aSHARMA PANKAJ
245 0 _aARTIFICIAL INTELLIGIGENCE
260 _bPEARSON EDU. DELHI
260 _c2010
546 _aENGLISH
942 _2ddc
_c02
999 _c23098
_d23098